| 000 | 00558nam a2200181Ia 4500 | ||
|---|---|---|---|
| 001 | 10704 | ||
| 003 | GE_BSU | ||
| 008 | 181216s||||||||xx |||||||||||||| ||und|| | ||
| 040 | _cGE_BSU | ||
| 245 | _aСоциально-гуманитарные знания. 2014. №3 | ||
| 245 | _bНаучно-образовательное издание | ||
| 245 | _cГл.ред.Аванесова Г.А. | ||
| 260 | _aМосква | ||
| 260 | _c2014 | ||
| 300 | _a368стр.20см. | ||
| 653 | _aСоциально-гуманитарные знания | ||
| 942 | _cCR | ||
| 999 |
_c43955 _d43955 |
||